Procedings of the asiapacific conference on library and information education and pratice 2006: preparing information professionals for leadership in the new age (Record no. 233247)

MARC details
000 -LEADER
fixed length control field 00666nam a2200145Ia 4500
008 - FIXED-LENGTH DATA ELEMENTS--GENERAL INFORMATION
fixed length control field 231221s9999 xx 000 0 und d
041 ## - LANGUAGE CODE
Language code of text/sound track or separate title English
082 ## - DEWEY DECIMAL CLASSIFICATION NUMBER
Classification number 020.91 KHO;1 R
100 ## - MAIN ENTRY--PERSONAL NAME
Personal name Khoo, Christopher. Sing, Diljit. Chaudhary, Abdus Sattar.
245 #0 - TITLE STATEMENT
Title Procedings of the asiapacific conference on library and information education and pratice 2006: preparing information professionals for leadership in the new age
260 ## - PUBLICATION, DISTRIBUTION, ETC.
Date of publication, distribution, etc. 2006
Name of publisher, distributor, etc. Nanyang Technological University
Place of publication, distribution, etc. Sigapore
300 ## - PHYSICAL DESCRIPTION
Extent xiii, 658
650 ## - SUBJECT ADDED ENTRY--TOPICAL TERM
Topical term or geographic name entry element Procedings,asiapacific,conference,information,education,pratice,2006:,preparing,information,professionals,leadership,age
942 ## - ADDED ENTRY ELEMENTS (KOHA)
Koha item type Conference Proceedings
Holdings
Date last seen Total checkouts Full call number Accession number Price effective from Category Lost status Damaged status Department Withdrawn status Home library Current library Shelving location Entry date Grants Currency symbol Conversion rate Discount Old discount
26/01/2024   020.91 KHO;1 R CP4 26/01/2024 Conference Proceedings     Central Library   Central Library Central Library Central Library   DONATED RS 1    

© For any Suggestions or Query, please contact the library staff @ librarian@pes.edu or Phone: +9180 2672 1983/ 2108.